Vista normal
Vista MARC
Entrada Personal Name
Número de registros utilizados en: 1
001 - CONTROL NUMBER
- control field: 37518
003 - CONTROL NUMBER IDENTIFIER
- control field: OSt
005 - DATE AND TIME OF LATEST TRANSACTION
- control field: 20210510125640.0
008 - FIXED-LENGTH DATA ELEMENTS
- fixed length control field: 210510|| aca||aabn | a|a d
040 ## - CATALOGING SOURCE
- Original cataloging agency: OSt
- Transcribing agency: OSt
100 ## - HEADING--PERSONAL NAME
- Personal name: Trazegnies, Fernando de
670 ## - SOURCE DATA FOUND
- Source citation: Work cat.: (OSt)8421: Bullard González, Alfredo, 17220 autor, Derecho y economía, el análisis económico de las instituciones legales / , 2010